| 000 | 00460nam a2200169Ia 4500 | ||
|---|---|---|---|
| 008 | 220216s9999 xx 000 0 und d | ||
| 100 | _aMartin G | ||
| 245 | 0 | _aRecent developments in the plantation industry of interest to manufacturers | |
| 260 |
_bIRI Transactions _c1934 |
||
| 300 | _a66-79 | ||
| 650 | _aClone rubber | ||
| 650 | _aPlantation industry | ||
| 650 | _aRubber crumb | ||
| 650 | _aRubber marketing | ||
| 650 | _aSoft rubber | ||
| 942 | _cJS | ||
| 999 |
_c66465 _d66465 |
||